000
00298nam a22001337a 4500
008
170601b xxu||||| |||| 00| 0 eng d
020
_a
9780312489472
041
_a
eng
080
_2
4TH
_a
94(7/8)
100
_a
17
101
_a
SHH
245
_a
THE AMERICAN PROMISE
_c
ROARK,J.L
942
_2
udc
_c
BK
999
_c
15443
_d
15443